|
|
|
|
| LEADER |
00000nab a2200000 a 4500 |
| 001 |
vtls000165855 |
| 003 |
SK-MaSNL |
| 005 |
20260304051304.0 |
| 008 |
250422c1983 xo 0 slo |
| 015 |
|
|
|a SNBRB19rr/mm-uuuuu
|
| 035 |
|
|
|a CL0175966
|
| 035 |
|
|
|a urn:nbn:sk:snk-ab28jk
|
| 035 |
|
|
|a (urnnbn)urn:nbn:sk:snk:ar-a01y9m
|
| 035 |
|
|
|a (uuid)a1028c39-6428-4665-b9e6-4f1829762712
|
| 040 |
|
|
|a SNKBUCL
|b slo
|c SNKBUCL
|e AACR2
|
| 041 |
0 |
|
|a cze
|
| 044 |
|
|
|a xo
|c SK
|
| 080 |
|
|
|a 301.15-058.244
|2 1981
|
| 080 |
|
|
|a 631
|2 1981
|
| 100 |
1 |
|
|a Novák, Karel
|4 aut
|9 266560
|
| 245 |
1 |
0 |
|a Pracovní a sociální problémy mladých pracovníků v zemědělství
|c Karel Novák, Jaroslav Chlup
|
| 650 |
0 |
7 |
|a pracovníci poľnohospodárski
|2 snkbucl
|9 917286
|
| 655 |
|
7 |
|a články z novín a časopisov
|2 snkbucl
|9 267496
|
| 700 |
1 |
|
|a Chlup, Jaroslav
|4 aut
|9 1333226
|
| 773 |
0 |
|
|t Sociológia
|g Roč. 15, č. 1 (1983), s. 75-81
|
| 850 |
|
|
|a Slovenská národná knižnica
|
| 852 |
|
|
|a Slovenská národná knižnica
|
| 957 |
|
|
|a 3700
|
| 958 |
|
|
|a article27
|
| 958 |
|
|
|a RK
|
| 958 |
|
|
|a CZ
|
| 958 |
|
|
|a OND
|
| 958 |
|
|
|a EUIPO
|
| 992 |
|
|
|a RBX
|
| 999 |
|
|
|c 2702821
|d 2704751
|